000 00660nam a22002297a 4500
005 20170124105937.0
010 _a665856
020 _c00.00
035 _a665856
037 _bCen Lib/Ret
040 _aDPL
_bEN
082 _a220.21
100 _aGopalacharya,Mahuli R.
_910138
245 _aThe heart of the Rigveda /
_cby Mahuli R. Gopalacharya
260 _aBombay
_bSomaiya publications
_c1971
270 _a172,Naigaum cross road Dadar
_bBombay
300 _a464p. :
_c20cm(Hb)
_bill.
500 _aIncludes index
650 _aVedas.--RĖĨgveda
_910139
650 _a Hindu philosophy
_991254
942 _2ddc
_cEN
_h220.21
_mGOP
999 _c124276
_d124276